000 00471nam a2200181Ia 4500
001 3621
005 20260306145657.0
008 260306t2001||||xx |||||||||||||| ||spa||
041 _aESP
082 _a300.72
_bA59
100 _aAnder-Egg, Ezequiel
_eAUT
245 0 _aMétodos y técnicas de investigación social:
_bacerca del conocimiento y del pensar científico
260 _c2001
300 _a
_c
650 _aGEN
654 _aCHU
942 _cLIB
_dJUS
_fJUS
_2ddc
_n
999 _c3621
_d3621